000 00601nam a2200229 a 4500
001 19899
003 CO-ViMGA
008 141112s2004 ck r 000 u spa d
020 _a9501519325
040 _aCO-ViMGA
_bspa
_cCO-ViMGA
082 0 4 _a618.4 F384p
100 1 _aFenwick, Elizabeth
_928890
245 1 0 _aEl Parto
260 _aBarcelona :
_bJavier Vergara,
_cGrupo Zeta,
_c1999
300 _a72 p.
490 _a101 Consejos esenciales
590 _aForma de adquisición : Premio Mincultura
650 1 4 _aCONCEPCION
_928891
650 1 4 _aEMBARAZO
650 1 4 _aPARTO
942 _2ddc
_cBK
999 _c29022
_d29022